UK Geography Multiple Choice - Statistics

General Stats
  • This quiz has been taken 64 times
  • The average score is 10 of 15
Answer Stats
Question Answer % Correct
What time zone is the UK in? GMT
100%
What is the capital city of the UK? London
100%
How many colours are in the UK flag? 3
89%
How many regions is the UK made out of? 4
89%
What is the population of the UK? 67 million
89%
The UK is a part of the European Union (EU) False
89%
There are active volcanoes in the UK. False
89%
What is the longest river in the UK? River Severn
89%
What is the tallest mountain in the UK? Ben Nevis
78%
What is the rough population of London? 9 million
56%
What is the largest lake in the UK? Lough Neagh
56%
How hot was the national record for hottest temperature ever in the UK? 40.2°C
44%
How many letters is the longest town name in the UK? 58
33%
There is no official religion in the UK. True
22%
How many countries does the UK officially have a land border with? 3
11%
No matching quizzes found
Score Distribution
Percent of People with Each Score
Percentile by Number Answered
Your Score History
You have not taken this quiz